| 000 | 00440nam a2200133Ia 4500 | ||
|---|---|---|---|
| 008 | 240719s9999 xx 000 0 und d | ||
| 041 | _aeng | ||
| 082 | _a303 DEY | ||
| 100 | _aDey Kumar Ajoy | ||
| 245 | _aThe New Normal Reinventing Professional Life And Familial Bonding In The Post Covid19 Era | ||
| 260 |
_aNew Delhi _bBloomsbury Publishing India Pvt. Ltd _c2021 |
||
| 300 | _a344.; P. 24 Cm | ||
| 520 | _aGifted By : By Director Office | ||
| 999 |
_c41243 _d41243 |
||